Les meilleurs joueurs sur FIFA 09 - Statistiques

Statistiques générales
  • Ce quiz a été pris 311 fois
    208 depuis la dernière actualisation
  • Le résultat moyen est 15 sur 29
Statistiques - réponses
Note Joueurs Club % Correct
91 Cristiano Ronaldo Manchester United
99%
90 Lionel Messi FC Barcelone
96%
90 Kaká AC Milan
82%
87 Wayne Rooney Manchester United
78%
91 Iker Casillas Real Madrid
75%
87 Philipp Lahm Bayern Munich
75%
88 Steven Gerrard Liverpool
71%
90 Gianluigi Buffon Juventus
69%
87 Xavi FC Barcelone
69%
89 Zlatan Ibrahimović Inter Milan
63%
87 Didier Drogba Chelsea
62%
88 Franck Ribéry Bayern Munich
62%
88 Carles Puyol FC Barcelone
58%
87 Francesco Totti AS Roma
58%
87 Andrea Pirlo AC Milan
57%
87 Ronaldinho AC Milan
55%
88 Fernando Torres Liverpool
53%
88 John Terry Chelsea
48%
88 Petr Čech Chelsea
48%
87 Rio Ferdinand Manchester United
42%
88 Alessandro Nesta AC Milan
39%
88 Cesc Fàbregas Arsenal
38%
87 Alessandro Del Piero Juventus
35%
87 Júlio César Inter Milan
28%
87 Diego Werder Brême
27%
87 Luca Toni Bayern Munich
23%
87 Lúcio Bayern Munich
12%
87 Sebastien Frey Fiorentina
6%
87 Bert Ronhaar Pays-Bas
1%
Aucun quiz correspondant
Distribution des résultats
% des personnes avec chaque résultat
Percentile par nombre de réponses
Votre historique - résultats
Vous n’avez pas pris ce quiz depuis la dernière actualisation